Plastics processing : an introduction /
Guardado en:
| Autor Principal: | |
|---|---|
| Formato: | Libro |
| Idioma: | English German |
| Publicado: |
Munich : Cincinnati :
Hanser Publishers ; Hanser/Gardner Publications,
c1995.
|
| Materias: | |
| Etiquetas: |
Agregar Etiqueta
Sin Etiquetas, Sea el primero en etiquetar este registro!
|
| LEADER | 00810pam a22002295a 4500 | ||
|---|---|---|---|
| 001 | EIQ.libpla003594 | ||
| 008 | 950111s1995####gw#a#####b####001#0#eng#d | ||
| 005 | 20080215192339.0 | ||
| 245 | 1 | 0 | |a Plastics processing : |b an introduction / |c Walter Michaeli. |
| 260 | |a Munich : |b Hanser Publishers ; |a Cincinnati : |b Hanser/Gardner Publications, |c c1995. | ||
| 300 | |a x, 211 p. : |b il. ; |c 23 cm. | ||
| 500 | |a Título original: Einführung in die Kunststoffverarbeitung. | ||
| 504 | |a Incluye referencias bibliográficas e índice. | ||
| 020 | |a 1569901449 | ||
| 100 | 1 | |a Michaeli, Walter. | |
| 082 | 0 | 0 | |a 668.4 |2 20 |
| 650 | 4 | |a Plásticos |x Procesamiento. | |
| 650 | 4 | |a Plastics |x Processing. | |
| 010 | |a 95003748 | ||
| 040 | |a DLC |c DLC |d AR-BbSID | ||
| 041 | 1 | |a eng |h ger | |
| 859 | |a AR-BbSID |b BIB. PLAPIQUI |h 668.4 |i M 582 |p 5242 | ||
